Marketing and the consumer movement

Αποθηκεύτηκε σε:
Λεπτομέρειες βιβλιογραφικής εγγραφής
Άλλοι συγγραφείς: Mitchell, Jeremy
Μορφή: Βιβλίο
Γλώσσα:English
Δημοσίευση: London : New York : McGraw-Hill Book Co., c1978
Θέματα:
Ετικέτες: Προσθήκη ετικέτας
Δεν υπάρχουν, Καταχωρήστε ετικέτα πρώτοι!

MARC

LEADER 00000cam a2200000 i 4500
001 1/52264
008 960207s1978 eng d
020 |a 007084514X  |c Ή9.95 
035 |l 10027311 
040 |a GR-MY-UA  |b gre  |e aacr 
041 0 |a eng 
082 0 |a 658.8 
245 1 0 |a Marketing and the consumer movement /  |c editor, Jeremy Mitchell 
260 |a London :   |a New York :   |b McGraw-Hill Book Co.,   |c c1978 
300 |a xiii, 299 p.;  |c 24 cm 
500 |a Includes index 
504 |a Bibliography: p. 276-290 
650 0 0 |a Consumer protection  |z Great Britain. 
650 0 0 |a Marketing  |z Great Britain. 
650 0 0 |a Consumer protection. 
650 0 0 |a Marketing. 
650 0 0 |a Speeches, addresses, etc. 
700 1 |a Mitchell, Jeremy. 
852 |a INST  |b CHIOS  |e 19960207  |h 658.8 MAR  |p 005200004325  |q 005200004325  |t BK  |y 0 
909 |a Χ  |b 00304